[Event "ICS rated blitz match"]
[Site "204.178.125.65"]
[Date "1999.10.27"]
[Round "?"]
[White "sixtyfifth"]
[Black "Hossa"]
[Result "0-1"]
[WhiteElo "2049"]
[BlackElo "2458"]
[PlyCount "94"]
[EventDate "1999.??.??"]

1. e4 c5 2. Nc3 Nc6 3. g3 g6 4. Bg2 Bg7 5. Nge2 Nf6 6. O-O O-O 7. h3 e6 8. d4
cxd4 9. Nxd4 Nxd4 10. Qxd4 Nd5 11. Qd3 Nxc3 12. bxc3 f5 13. Ba3 fxe4 14. Bxe4
Rf7 15. Bd6 Qa5 16. Rab1 Qxa2 17. Rb3 Qa5 18. Rfb1 a6 19. h4 Kh8 20. h5 Qxh5
21. Kg2 Kg8 22. Bxb7 Bxb7+ 23. Rxb7 h6 24. Qe4 Qd5 25. Qxd5 exd5 26. Rb8+ Rxb8
27. Rxb8+ Kh7 28. Ra8 Bxc3 29. Rxa6 Rf6 30. Rb6 Bd4 31. Rb4 Rxf2+ 32. Kh3 Bg7
33. Rb5 Rxc2 34. Rxd5 Re2 35. Bf4 Re7 36. Bd6 Re4 37. Bf4 Rd4 38. Ra5 d5 39.
Ra7 Re4 40. Bc1 d4 41. Bb2 g5 42. g4 Re3+ 43. Kg2 Re2+ 44. Kf3 Rxb2 45. Rd7
Rb3+ 46. Ke4 Re3+ 47. Kf5 47... Re5# {sixtyfifth checkmated} 0-1

[Event "ICS rated blitz match"]
[Site "204.178.125.65"]
[Date "1999.10.27"]
[Round "?"]
[White "Hossa"]
[Black "sixtyfifth"]
[Result "1-0"]
[WhiteElo "2461"]
[BlackElo "2046"]
[PlyCount "131"]
[EventDate "1999.??.??"]

1. e4 e6 2. d4 d5 3. e5 c5 4. c3 Nc6 5. Nf3 Qb6 6. a4 c4 7. Be2 Na5 8. Nbd2 Bd7
9. O-O Nh6 10. Re1 Be7 11. Ra2 O-O 12. Nf1 Nf5 13. Ng3 Nxg3 14. fxg3 Qb3 15.
Qxb3 Nxb3 16. Be3 Rfc8 17. Rf1 Rc6 18. Nd2 Nxd2 19. Bxd2 Ra6 20. Rfa1 Rc8 21.
Be3 Ra5 22. Bh5 Rc6 23. Rf1 Be8 24. Raa1 Rca6 25. Rf3 Rxa4 26. Raf1 g6 27. Bg4
Ra2 28. Bc1 Ra1 29. Bh6 R6a2 30. R3f2 Rxf1+ 31. Kxf1 Ba4 32. Bf3 Bc2 33. Rxc2
Ba3 34. Bc1 a5 35. Kf2 Be7 36. g4 b5 37. g3 b4 38. h3 b3 39. Re2 Ra1 40. Re1 a4
41. h4 Rb1 42. Kf1 h6 43. g5 h5 44. g4 hxg4 45. Bxg4 Kf8 46. Bf3 Ke8 47. h5
gxh5 48. Bxh5 Bd8 49. g6 fxg6 50. Bxg6+ Kd7 51. Bxb1 Be7 52. Bg6 Kd8 53. Ke2
Kd7 54. Rf1 Kd8 55. Bf7 Kd7 56. Rg1 Bf8 57. Rg6 Be7 58. Bxe6+ Kc7 59. Bxd5 Kd7
60. Bxc4 Kc7 61. Rg7 Kd7 62. Bg5 Ke8 63. Rxe7+ Kf8 64. d5 Kg8 65. d6+ Kf8 66.
Bh6# {sixtyfifth checkmated} 1-0

[Event "ICS rated blitz match"]
[Site "204.178.125.65"]
[Date "1999.10.27"]
[Round "?"]
[White "Ingvar"]
[Black "Hossa"]
[Result "0-1"]
[WhiteElo "2388"]
[BlackElo "2464"]
[PlyCount "84"]
[EventDate "1999.??.??"]

1. e4 c5 2. c4 g6 3. Nc3 d6 4. g3 Bg7 5. Bg2 Nf6 6. Rb1 Nc6 7. h3 e5 8. Nge2
O-O 9. O-O Be6 10. d3 Qc8 11. Kh2 Nd4 12. a3 Rd8 13. b4 Rb8 14. b5 Qd7 15. a4
Rbc8 16. Nxd4 cxd4 17. Ne2 Ne8 18. g4 f5 19. exf5 gxf5 20. gxf5 Bxf5 21. Ng3
Bg6 22. f4 Nf6 23. f5 Bf7 24. Bg5 Rf8 25. Bxf6 Bxf6 26. Ne4 Be8 27. Qg4+ Kh8
28. Bf3 Qe7 29. Rg1 b6 30. Nxf6 Qxf6 31. Bd5 Bf7 32. Bxf7 Rxf7 33. Rbf1 Qh6 34.
Rf2 Qf8 35. f6 Re8 36. Rgf1 Qh6 37. Qe4 Rg8 38. Qd5 Qe3 39. Rf3 Qg5 40. R3f2
Qg3+ 41. Kh1 Qxh3+ 42. Rh2 42... Qxf1# {Ingvar checkmated} 0-1

[Event "ICS rated blitz match"]
[Site "204.178.125.65"]
[Date "1999.10.27"]
[Round "?"]
[White "ljb"]
[Black "Hossa"]
[Result "0-1"]
[WhiteElo "2208"]
[BlackElo "2488"]
[PlyCount "44"]
[EventDate "1999.??.??"]

1. e4 c5 2. Nf3 e6 3. g3 d5 4. exd5 exd5 5. Bg2 Qe7+ 6. Qe2 Qxe2+ 7. Kxe2 Nf6
8. Re1 Be7 9. Kf1 Nc6 10. c3 O-O 11. d4 cxd4 12. Nxd4 Nxd4 13. cxd4 Be6 14. Nc3
Rfd8 15. h3 Rac8 16. Bd2 Rc4 17. Rac1 Rxd4 18. Be3 Rb4 19. Bxa7 Rxb2 20. Rb1
Rxb1 21. Rxb1 d4 22. Nd1 22... b5 {ljb resigns} 0-1

[Event "ICS rated blitz match"]
[Site "204.178.125.65"]
[Date "1999.10.27"]
[Round "?"]
[White "Hossa"]
[Black "ljb"]
[Result "1/2-1/2"]
[WhiteElo "2519"]
[BlackElo "2245"]
[PlyCount "115"]
[EventDate "1999.??.??"]

1. e4 e6 2. d4 d5 3. Bd3 c5 4. c3 Nc6 5. Nf3 Nf6 6. e5 Nd7 7. O-O Be7 8. Be3
O-O 9. Re1 h6 10. Nbd2 a6 11. Qc2 c4 12. Be2 b5 13. b3 Bb7 14. Qb2 Qc7 15. Rad1
Rfb8 16. Rb1 a5 17. bxc4 bxc4 18. a4 Bc8 19. Qc2 Rxb1 20. Rxb1 Rb8 21. Rxb8
Qxb8 22. Qa2 Qb7 23. Bf4 Nf8 24. Qa1 Bd7 25. Be3 Be8 26. Qa2 Nd7 27. Bf4 Nb6
28. Bd1 Nd8 29. Bc2 Qc6 30. Be3 Nxa4 31. Nb1 Qb5 32. Bc1 Nb6 33. Ba3 Bxa3 34.
Qxa3 a4 35. Qe7 Qd7 36. Qb4 Qb5 37. Qe7 Qd7 38. Qb4 Qc6 39. Qe7 Qd7 40. Qb4 Qc7
41. Qa3 Nb7 42. Qb4 Qc6 43. Nbd2 Qb5 44. Qa3 Na5 45. Qe7 Nb3 46. Nf1 Qd7 47.
Qb4 Qb5 48. Qe7 Nc8 49. Qc7 Nb6 50. Qe7 Qd7 51. Qb4 Qc6 52. Ng3 Qb5 53. Qa3 Qa5
54. Qe7 Qb5 55. Qa3 Qa5 56. Qe7 Qb5 57. Qa3 Qc6 58. Qb4 {
Game drawn by mutual agreement} 1/2-1/2

[Event "ICS rated blitz match"]
[Site "204.178.125.65"]
[Date "1999.10.27"]
[Round "?"]
[White "Hossa"]
[Black "goldytaurus"]
[Result "1/2-1/2"]
[WhiteElo "2519"]
[BlackElo "2395"]
[PlyCount "139"]
[EventDate "1999.??.??"]

1. e4 c6 2. d4 d5 3. e5 Bf5 4. Nf3 e6 5. a3 c5 6. Bb5+ Nc6 7. Be3 c4 8. O-O Bg6
9. b3 cxb3 10. cxb3 Nge7 11. Nh4 a6 12. Nxg6 hxg6 13. Be2 Nf5 14. Bg4 Be7 15.
Ra2 Qb6 16. Bxf5 gxf5 17. f4 O-O 18. Qd3 Rac8 19. Rc1 Na5 20. Rac2 Rxc2 21.
Rxc2 Qxb3 22. Qxb3 Nxb3 23. Rc7 Re8 24. Rxb7 Na5 25. Ra7 Nc4 26. Bc1 Rb8 27.
Nd2 Nxd2 28. Bxd2 Bxa3 29. Rxa6 Bb2 30. Ra4 Rc8 31. Rb4 Rc2 32. Be3 Re2 33. Bf2
Rd2 34. Kf1 Bc3 35. Rb8+ Kh7 36. Be3 Rb2 37. Rxb2 Bxb2 38. Ke2 Kg6 39. Kd3 Ba3
40. h3 Kh7 41. g3 Kg6 42. Bd2 Be7 43. Ba5 Ba3 44. Kc2 Be7 45. Kb3 Bf8 46. Bc7
Be7 47. Ka4 f6 48. exf6 Kxf6 49. Kb3 Kf7 50. Kc3 Bf6 51. Bb6 Be7 52. h4 Kg6 53.
Bc5 Bd8 54. Kd3 Kh5 55. Ke3 Kg4 56. Kf2 Ba5 57. Bf8 g6 58. Bd6 Bc3 59. Be5 Bb2
60. Bf6 Ba1 61. Bh8 Bb2 62. Be5 Ba1 63. Bg7 Bb2 64. Kg2 Ba1 65. Be5 Bb2 66. Bf6
Ba1 67. Be5 Bb2 68. Bf6 Ba1 69. Be5 Bb2 70. Bf6 {Game drawn by repetition}
1/2-1/2

[Event "ICS rated blitz match"]
[Site "204.178.125.65"]
[Date "1999.10.28"]
[Round "?"]
[White "Frederico"]
[Black "Hossa"]
[Result "0-1"]
[WhiteElo "2318"]
[BlackElo "2519"]
[PlyCount "54"]
[EventDate "1999.??.??"]

1. d4 Nf6 2. c4 e6 3. Nc3 Bb4 4. e3 c5 5. Nf3 Ne4 6. Qc2 d5 7. Bd3 Nf6 8. O-O
O-O 9. a3 cxd4 10. exd4 dxc4 11. Bxc4 Be7 12. Bg5 Nc6 13. Rad1 Bd7 14. Ba2 h6
15. Bh4 Be8 16. Bb1 g6 17. Ne5 Nxd4 18. Qc1 h5 19. Qf4 Nd5 20. Bxe7 Nxf4 21.
Bxd8 Rxd8 22. Be4 Bc6 23. Nxc6 bxc6 24. g4 hxg4 25. Rfe1 e5 26. Re3 Nde2+ 27.
Kf1 27... Nxc3 {Frederico resigns} 0-1

[Event "ICS rated blitz match"]
[Site "204.178.125.65"]
[Date "1999.10.28"]
[Round "?"]
[White "MissSilicon"]
[Black "Hossa"]
[Result "1-0"]
[WhiteElo "2670"]
[BlackElo "2527"]
[PlyCount "82"]
[EventDate "1999.??.??"]

1. e4 e6 2. d4 d5 3. Nc3 Bb4 4. e5 c5 5. Bd2 cxd4 6. Nb5 Bxd2+ 7. Qxd2 Nc6 8.
Nf3 Nh6 9. Nd6+ Kf8 10. Nxd4 Nxe5 11. Qb4 Kg8 12. Nxb7 Bxb7 13. Qxb7 a5 14. f4
Rb8 15. Qa7 Ra8 16. Qc5 Rc8 17. Qa7 Ng6 18. g3 Ng4 19. O-O-O Rc7 20. Qa6 Nf2
21. Nxe6 fxe6 22. Qxe6+ Rf7 23. Rxd5 Qc7 24. Bc4 Nf8 25. Qe2 g6 26. Re5 Nxh1
27. Re7 Qc5 28. Rxf7 Qg1+ 29. Qd1 Qxd1+ 30. Kxd1 Ne6 31. Bxe6 h5 32. Ke2 Rh7
33. Ra7+ Kh8 34. Ra8+ Kg7 35. Bd5 Rh8 36. Bxh1 Rxa8 37. Bxa8 Kf6 38. c4 Kf5 39.
c5 Ke6 40. Be4 h4 41. gxh4 41... Kd7 {Hossa resigns} 1-0

[Event "ICS rated bullet match"]
[Site "204.178.125.65"]
[Date "1999.10.28"]
[Round "?"]
[White "ivoryknight"]
[Black "Hossa"]
[Result "0-1"]
[WhiteElo "1393"]
[BlackElo "2377"]
[PlyCount "54"]
[EventDate "1999.??.??"]

1. e4 d5 2. exd5 Qxd5 3. Nf3 Qe4+ 4. Be2 Qg6 5. O-O Bh3 6. Nh4 Qg5 7. g3 Bxf1
8. Qxf1 Nc6 9. d4 Qd5 10. c3 e5 11. Nd2 exd4 12. Bf3 Qd7 13. Bxc6 bxc6 14. Qe2+
Ne7 15. cxd4 Qxd4 16. b3 Qxa1 17. Kg2 Qxc1 18. Ndf3 Rd8 19. h3 Rd5 20. Nf5 Rxf5
21. g4 Rf6 22. Qe4 Re6 23. Qxc6+ Nxc6 24. Ne5 Rxe5 25. f4 Qxf4 26. Kg1 Qg3+ 27.
Kh1 27... Re1# {ivoryknight checkmated} 0-1

[Event "ICS rated blitz match"]
[Site "204.178.125.65"]
[Date "1999.10.28"]
[Round "?"]
[White "Hossa"]
[Black "Colorado"]
[Result "0-1"]
[WhiteElo "2501"]
[BlackElo "2653"]
[PlyCount "97"]
[EventDate "1999.??.??"]

1. Nf3 Nf6 2. c4 g6 3. d4 Bg7 4. Nc3 d5 5. Bg5 Ne4 6. Bf4 Nxc3 7. bxc3 dxc4 8.
e4 b5 9. a4 c6 10. Bxb8 Rxb8 11. axb5 cxb5 12. Rxa7 O-O 13. Qb1 Qb6 14. Rxe7
Bf6 15. Re5 Bxe5 16. Nxe5 Re8 17. Be2 Qa5 18. Qc1 Qa6 19. O-O f6 20. Nxg6 hxg6
21. Qh6 f5 22. e5 Bb7 23. g3 Be4 24. Rc1 Ra8 25. f3 Bd5 26. f4 Qb6 27. Bh5 Re6
28. Bd1 Ra3 29. Kf1 Qa5 30. Qg5 Kg7 31. g4 Ra1 32. Rxa1 Qxa1 33. Ke2 Qxc3 34.
gxf5 Bf3+ 35. Kf2 Qxd4+ 36. Kg3 Bxd1 37. fxe6 Qg1+ 38. Kh3 Qxg5 39. fxg5 c3 40.
e7 Kf7 41. Kg2 c2 42. e8=R Kxe8 43. h4 c1=Q 44. e6 Qd2+ 45. Kg3 Qe3+ 46. Kg2
Bf3+ 47. Kh3 Qf2 48. h5 Qg2+ 49. Kh4 {Hossa resigns} 0-1

[Event "ICS rated blitz match"]
[Site "204.178.125.65"]
[Date "1999.10.28"]
[Round "?"]
[White "LoadedGun"]
[Black "Hossa"]
[Result "0-1"]
[WhiteElo "2541"]
[BlackElo "2489"]
[PlyCount "82"]
[EventDate "1999.??.??"]

1. d4 Nf6 2. c4 e6 3. Nf3 d5 4. Nc3 Be7 5. Qc2 O-O 6. Bg5 h6 7. Bh4 g5 8. Bg3
c5 9. dxc5 Bxc5 10. Rd1 Na6 11. a3 b6 12. b4 Nxb4 13. axb4 Bxb4 14. Be5 Nd7 15.
Qb3 a5 16. Bd4 dxc4 17. Qxc4 Bb7 18. Ne5 Rc8 19. Qb3 Bd5 20. Qb2 Nxe5 21. Bxe5
f6 22. Qc2 Rf7 23. Qg6+ Rg7 24. Qxf6 Qxf6 25. Bxf6 Rxc3 26. Bxc3 Bxc3+ 27. Rd2
Rd7 28. f3 Bc6 29. h4 Rxd2 30. hxg5 hxg5 31. Kf2 Kg7 32. g3 Bd4+ 33. Kg2 g4 34.
Rh4 Bxf3+ 35. Kh2 Kg6 36. Bg2 Rxe2 37. Rxg4+ Bxg4 38. Kh1 e5 39. Bd5 e4 40.
Bf7+ Kg5 41. Bc4 41... Bf3# {LoadedGun checkmated} 0-1

[Event "ICS rated blitz match"]
[Site "204.178.125.65"]
[Date "1999.10.28"]
[Round "?"]
[White "Hossa"]
[Black "BlondeKramnik"]
[Result "1-0"]
[WhiteElo "2507"]
[BlackElo "2389"]
[PlyCount "77"]
[EventDate "1999.??.??"]

1. e4 c5 2. c3 b6 3. Nf3 Bb7 4. d3 d6 5. Be2 Nf6 6. O-O e6 7. Be3 Nbd7 8. Nbd2
a6 9. Bg5 Be7 10. b4 h6 11. Bxf6 Bxf6 12. Nc4 Qc7 13. bxc5 dxc5 14. Qb3 b5 15.
Ncd2 O-O 16. d4 Rac8 17. Rab1 Qb6 18. Qb2 Rfd8 19. Rfc1 Nf8 20. e5 Be7 21. Bd3
Qa5 22. Nb3 Qb6 23. dxc5 Bxc5 24. Nfd4 Nd7 25. Nxc5 Qxc5 26. f4 Nb6 27. Kh1 Na4
28. Qd2 Qd5 29. Bf1 Nxc3 30. Rxc3 Qxd4 31. Rd3 Qb6 32. Rd1 Rd4 33. Rxd4 Qc6 34.
Rd8+ Rxd8 35. Qxd8+ Kh7 36. Qe7 g6 37. Qxf7+ Kh8 38. Rd8+ Qe8 39. Rxe8# {
BlondeKramnik checkmated} 1-0

[Event "ICS rated blitz match"]
[Site "204.178.125.65"]
[Date "1999.10.28"]
[Round "?"]
[White "PostModernist"]
[Black "Hossa"]
[Result "1-0"]
[WhiteElo "2585"]
[BlackElo "2518"]
[PlyCount "112"]
[EventDate "1999.??.??"]

1. d4 Nf6 2. Nf3 g6 3. g3 Bg7 4. Bg2 O-O 5. c4 d6 6. Nc3 c5 7. d5 Nbd7 8. O-O
Nb6 9. Qd3 e5 10. Bg5 h6 11. Bxf6 Bxf6 12. a3 Bd7 13. e3 Bg7 14. Rfc1 Qe7 15.
b3 Rae8 16. Qf1 Bg4 17. Nd2 Rc8 18. Bh3 f5 19. Bxg4 fxg4 20. Rcb1 Rcd8 21. Nde4
Qf7 22. b4 cxb4 23. axb4 a6 24. b5 a5 25. Rxa5 Qc7 26. Rb4 Rc8 27. Na4 Rf3 28.
Nxb6 Qxb6 29. Rba4 Rcf8 30. Qg2 Qc7 31. Ra7 Qd7 32. Ra1 Qc7 33. R7a4 b6 34.
R1a2 Kh7 35. Rb4 Kg8 36. Kh1 Kh8 37. Ra6 Kh7 38. Rba4 Qd8 39. Kg1 R8f5 40. Ra8
Qc7 41. h3 gxh3 42. Ng5+ Rxg5 43. Qxf3 Rf5 44. Qh1 Rh5 45. Kh2 Qf7 46. Qf1 Qc7
47. R4a7 Qc5 48. Rb8 Rf5 49. Rbb7 Kh8 50. Rxg7 Qb4 51. Qa1 Qa5 52. Rgd7 Rxf2+
53. Kxh3 Rf7 54. Rxf7 Kg8 55. Rf8+ Kxf8 56. Qf1+ 56... Ke8 {Hossa resigns} 1-0

[Event "ICS rated blitz match"]
[Site "204.178.125.65"]
[Date "1999.10.28"]
[Round "?"]
[White "Hossa"]
[Black "PostModernist"]
[Result "0-1"]
[WhiteElo "2505"]
[BlackElo "2598"]
[PlyCount "93"]
[EventDate "1999.??.??"]

1. d4 Nf6 2. Nf3 g6 3. g3 Bg7 4. Bg2 O-O 5. c4 d5 6. cxd5 Nxd5 7. O-O Nb6 8.
Bf4 Nc6 9. Nc3 Nxd4 10. Nxd4 e5 11. Ndb5 exf4 12. Qxd8 Rxd8 13. Nxc7 Rb8 14.
Rad1 Bg4 15. Rxd8+ Rxd8 16. h3 Bc8 17. gxf4 Rd2 18. e3 Rxb2 19. N3d5 Nxd5 20.
Nxd5 Be6 21. a3 Ra2 22. Nc7 b6 23. Rd1 Rxa3 24. Rd8+ Bf8 25. Rb8 Bf5 26. Kh2 h5
27. e4 Bd7 28. e5 Ra2 29. Nd5 Kg7 30. Rb7 Bc8 31. Rb8 Be6 32. Nc7 Rxf2 33. Kg3
Bc5 34. Rb7 h4+ 35. Kxh4 Bc8 36. Bd5 Bxb7 37. Bxb7 Rxf4+ 38. Kg3 Rf5 39. Ne8+
Kf8 40. Nf6 Bd4 41. Kg2 Bxe5 42. Nd5 Rg5+ 43. Kf2 b5 44. Ke3 Rg3+ 45. Ke4 Bd6
46. Ba6 b4 47. Nf6 {Hossa resigns} 0-1

[Event "ICS rated blitz match"]
[Site "204.178.125.65"]
[Date "1999.10.28"]
[Round "?"]
[White "Hossa"]
[Black "MissSilicon"]
[Result "0-1"]
[WhiteElo "2484"]
[BlackElo "2657"]
[PlyCount "91"]
[EventDate "1999.??.??"]

1. d4 Nf6 2. g3 Nc6 3. Nf3 g6 4. Nc3 d5 5. Bf4 Nh5 6. Bg5 Bg7 7. Bg2 O-O 8. e3
h6 9. Bh4 g5 10. Nxg5 hxg5 11. Bxg5 Nf6 12. Bxf6 Bxf6 13. Nxd5 Bg7 14. c3 Be6
15. e4 Na5 16. Nb4 Bc4 17. Qh5 c6 18. O-O-O Qb6 19. Bh3 e5 20. Bf5 Rfd8 21.
dxe5 Qxf2 22. e6 Rxd1+ 23. Rxd1 Qe3+ 24. Kb1 fxe6 25. Bg6 e5 26. Qh4 Qh6 27.
Bh5 Rf8 28. Ka1 Rf1 29. Rxf1 Bxf1 30. Qd8+ Kh7 31. Qd1 Bg2 32. Bg4 Bxe4 33. Qe1
Qg6 34. Qe2 Kh8 35. Qd1 Qh6 36. Qe1 Bh7 37. Be2 Qxh2 38. c4 e4 39. c5 Nc4 40.
Kb1 Nxb2 41. Nc2 Na4 42. Bc4 e3 43. Be2 Nc3+ 44. Kb2 Nxe2+ 45. Kb3 Bxc2+ 46.
Ka3 {Hossa resigns} 0-1

[Event "ICS Rated blitz match"]
[Site "204.178.125.65"]
[Date "1999.10.28"]
[Round "?"]
[White "Hossa"]
[Black "PostModernist"]
[Result "0-1"]
[WhiteElo "2465"]
[BlackElo "2620"]
[PlyCount "54"]
[EventDate "1999.??.??"]

1. d4 Nf6 2. c4 e6 3. Nf3 d5 4. cxd5 exd5 5. Nc3 c6 6. Bg5 Bf5 7. e3 Nbd7 8.
Nh4 {letzter Buchzug} 8... Be6 9. Bd3 Bb4 10. Nf5 O-O 11. a3 Bxc3+ 12. bxc3 Qa5
13. Qc1 ({-0.75 Hiarcs 7.32:} 13. Qc2 13... Bxf5 14. Bxf5 Ne4 15. Bxe4 dxe4 16.
Be7 16... Rfe8 {-0.10/6}) 13... Ne4 14. Bxe4 ({-1.71 Hiarcs 7.32:} 14. Ne7+
14... Kh8 15. Bh4 Rae8 16. f3 Nxc3 17. O-O 17... g6 {-0.75/7}) 14... dxe4 15.
Ne7+ Kh8 16. Bf4 Qd8 17. Bd6 Re8 18. Qb1 ({-2.84 Hiarcs 7.32:} 18. c4 18... Nf6
19. Bc5 Rxe7 20. Bxe7 Qxe7 21. O-O Rd8 22. f4 {-1.84/7}) 18... Nb6 19. Bb4 a5
20. Bc5 Na4 21. Qxb7 ({-5.17 Hiarcs 7.32:} 21. Nxc6 21... bxc6 22. Qxe4 Nxc5
23. dxc5 Bd5 24. Qg4 Re4 25. Qg3 Rc4 26. O-O 26... Qf8 {-3.27/7}) 21... Nxc5
22. dxc5 Qd3 23. Qb2 Rab8 24. Qd2 Rxe7 25. f3 Qxd2+ 26. Kxd2 Rd7+ 27. Ke1 ({
-12.79 Hiarcs 7.32:} 27. Kc2 27... Bb3+ 28. Kc1 exf3 29. gxf3 Rd3 30. f4 Rxc3+
31. Kd2 31... Rxc5 {-5.92/8}) 27... Rb2 {Hossa resigns} 0-1

[Event "ICS rated blitz match"]
[Site "204.178.125.65"]
[Date "1999.10.28"]
[Round "?"]
[White "MissSilicon"]
[Black "Hossa"]
[Result "1-0"]
[WhiteElo "2666"]
[BlackElo "2456"]
[PlyCount "102"]
[EventDate "1999.??.??"]

1. f4 d5 2. Nf3 Nc6 3. e3 Nf6 4. Bb5 a6 5. Bxc6+ bxc6 6. O-O e6 7. Ne5 Bb7 8.
c4 Be7 9. Qa4 Qd6 10. d4 Qb4 11. Qxb4 Bxb4 12. c5 Ne4 13. Rd1 Nxc5 14. dxc5
Bxc5 15. Rd3 Bb6 16. Rc3 c5 17. Nd2 Rb8 18. Rc2 c4 19. Ndf3 f6 20. Ng4 Rg8 21.
Nf2 c5 22. Bd2 Kf7 23. Re1 Rh8 24. e4 a5 25. g3 Ba6 26. Re3 Bb5 27. Ra3 a4 28.
Bc1 Rhd8 29. Nd2 f5 30. exd5 exd5 31. Nf3 Kf6 32. g4 fxg4 33. Nxg4+ Kf7 34.
Nfe5+ Kg8 35. Rg2 Rd6 36. Rag3 Kf8 37. Rh3 Rb7 38. Rxh7 Kg8 39. Rh3 c3 40. bxc3
Re6 41. f5 Rd6 42. Ng6 c4+ 43. Be3 Bxe3+ 44. Nxe3 Kf7 45. Rh8 Rxg6 46. Rxg6 Be8
47. Re6 Bd7 48. Rd6 a3 49. Ra8 Rb1+ 50. Kf2 Rb2+ 51. Kg3 51... Rb7 {
Hossa resigns} 1-0

[Event "ICS Rated blitz match"]
[Site "204.178.125.65"]
[Date "1999.10.28"]
[Round "?"]
[White "Hossa"]
[Black "MissSilicon"]
[Result "0-1"]
[WhiteElo "2449"]
[BlackElo "2673"]
[PlyCount "95"]
[EventDate "1999.??.??"]

1. f4 d5 2. Nf3 Nf6 3. b3 g6 4. Bb2 Bg7 5. e3 c5 6. Be2 O-O 7. c4 Bf5 8. cxd5
Nxd5 9. Bxg7 Kxg7 10. O-O Nc6 11. Nc3 Nxc3 12. dxc3 Qc7 13. Qd5 Qb6 14. Qc4
Rad8 15. Rad1 h5 16. Rxd8 Rxd8 17. Ng5 e6 18. Re1 Rd2 19. Qa4 Bb1 20. a3 Ba2
21. Bb5 Rb2 22. Bxc6 Bxb3 23. Qb5 bxc6 24. Qd3 Qa5 25. Rf1 Bd5 26. e4 Rb3 27.
Rf3 Qxa3 28. exd5 cxd5 29. Qe3 Qa1+ 30. Kf2 h4 31. Qe5+ Kg8 32. Re3 Rb1 33. Re1
Rb2+ 34. Kf3 Qa6 35. Qe3 Qc4 36. Rc1 Qa2 37. Qg1 d4 38. Ne4 f5 39. Nf6+ Kf7 40.
Qe1 Rd2 41. Rd1 Rxd1 42. Qxd1 Kxf6 43. cxd4 Qd5+ 44. Kf2 Qxd4+ 45. Qxd4+ cxd4
46. Ke2 e5 47. fxe5+ Kxe5 48. Kd3 {Hossa resigns} 0-1

[Event "ICS rated blitz match"]
[Site "204.178.125.65"]
[Date "1999.10.28"]
[Round "?"]
[White "PostModernist"]
[Black "Hossa"]
[Result "1-0"]
[WhiteElo "2629"]
[BlackElo "2442"]
[PlyCount "151"]
[EventDate "1999.??.??"]

1. e4 d5 2. exd5 Qxd5 3. Nc3 Qa5 4. Nf3 Nf6 5. Bc4 Bg4 6. Qe2 Qh5 7. d4 a6 8.
Bf4 Nc6 9. O-O-O O-O-O 10. Qe3 e6 11. Be2 Nb4 12. h3 Nfd5 13. Nxd5 Nxd5 14. Qd2
Nxf4 15. Qxf4 Bxf3 16. Bxf3 Bd6 17. Qe3 Qa5 18. Kb1 Qb5 19. d5 Qb6 20. Qg5 g6
21. Qf6 exd5 22. Rxd5 Rhf8 23. Rd3 Qc5 24. Rhd1 h6 25. Rb3 b5 26. Bd5 Qb6 27.
Rbd3 Rd7 28. Qf3 Re7 29. Be4 Rd8 30. R3d2 Kb8 31. g4 Qc5 32. Bd5 Rde8 33. h4
Rf8 34. h5 gxh5 35. gxh5 f5 36. Kc1 Re5 37. Ba8 Qb6 38. Kb1 f4 39. Bd5 Bb4 40.
c3 Bd6 41. Be4 Rg5 42. Rd4 Rfg8 43. Bh7 Re8 44. Bg6 Rg8 45. Bf7 Rf8 46. Be6 Re8
47. Bb3 Qc5 48. Bd5 Ka7 49. R4d2 Rd8 50. Be4 Rdg8 51. Bh7 R8g7 52. Bg6 Re7 53.
Be4 Reg7 54. b4 Qb6 55. Kc2 a5 56. a3 axb4 57. axb4 Rg1 58. Kb3 Kb8 59. Qxf4
Rxd1 60. Rxd1 Qa6 61. Qxh6 Rg8 62. Kb2 Qb6 63. Qf6 Be7 64. Ra1 c6 65. Qe5+ Kc8
66. Qe6+ Kb7 67. Qd7+ Kb8 68. Bxc6 Qxf2+ 69. Kb3 Qf7+ 70. Bd5 Qxd5+ 71. Qxd5
Bxb4 72. Qxb5+ Kc7 73. Ra7+ Kd6 74. Rd7+ Ke6 75. Qd5+ Kf6 76. Rf7# {
Hossa checkmated} 1-0

[Event "ICS rated blitz match"]
[Site "204.178.125.65"]
[Date "1999.10.28"]
[Round "?"]
[White "Hossa"]
[Black "PostModernist"]
[Result "0-1"]
[WhiteElo "2434"]
[BlackElo "2637"]
[PlyCount "167"]
[EventDate "1999.??.??"]

1. e4 c5 2. c3 d5 3. exd5 Qxd5 4. d4 Nf6 5. Nf3 e6 6. Bd3 cxd4 7. cxd4 Nc6 8.
Nc3 Qd8 9. O-O Be7 10. Be3 O-O 11. Rc1 b6 12. Qd2 Bb7 13. Ne5 Rc8 14. Rfd1 Nb4
15. Bc4 Nfd5 16. Bb3 Nxe3 17. fxe3 Bd6 18. Nc4 Bb8 19. Nb5 Nd5 20. Qf2 Bc6 21.
Nc3 Nxc3 22. Rxc3 Qg5 23. Rdc1 Bb7 24. Nd2 Rxc3 25. Rxc3 Qh5 26. Nf1 Bd6 27. a3
Qh6 28. Ba4 f5 29. Bc2 a6 30. Rb3 b5 31. Rc3 a5 32. Bb1 Kh8 33. Bd3 b4 34. axb4
axb4 35. Rc2 Ra8 36. Qe1 b3 37. Rf2 Rc8 38. Qa5 f4 39. e4 e5 40. Qb6 Rb8 41.
dxe5 Bxe5 42. Qxh6 gxh6 43. Rd2 Rd8 44. Kf2 Bxb2 45. Rxb2 Rxd3 46. Nd2 Re3 47.
Nxb3 Bxe4 48. Nd4 Kg7 49. Ne6+ Kf6 50. Nxf4 Rc3 51. Rb6+ Ke5 52. Ne2 Rc2 53.
Rb8 Bc6 54. Rc8 h5 55. Ke3 h4 56. Rc7 Rc4 57. Kd3 Rc5 58. Kd2 h5 59. Rg7 Rc4
60. Rg6 Bb7 61. h3 Ra4 62. Ke3 Kf5 63. Rg8 Bxg2 64. Rxg2 Ra3+ 65. Kd2 Rxh3 66.
Rf2+ Kg4 67. Rf4+ Kg5 68. Rf8 Ra3 69. Kc1 h3 70. Rg8+ Kf6 71. Rb8 h2 72. Rb6+
Kf7 73. Rb7+ Ke8 74. Rb8+ Kd7 75. Kb2 h1=Q 76. Kxa3 Qa1+ 77. Kb3 Qb1+ 78. Kc3
Qxb8 79. Kd3 h4 80. Ke4 h3 81. Kf3 Qb7+ 82. Kf4 h2 83. Ke3 h1=Q 84. Nc3 {
Hossa resigns} 0-1

[Event "ICS rated blitz match"]
[Site "204.178.125.65"]
[Date "1999.10.28"]
[Round "?"]
[White "Colorado"]
[Black "Hossa"]
[Result "1-0"]
[WhiteElo "2664"]
[BlackElo "2420"]
[PlyCount "108"]
[EventDate "1999.??.??"]

1. e4 d5 2. exd5 Qxd5 3. Nc3 Qa5 4. d4 e6 5. Bd3 Nc6 6. Nf3 Bd7 7. O-O O-O-O 8.
Bf4 Nge7 9. Ng5 Be8 10. Nxh7 Nxd4 11. Nxf8 Rxf8 12. Re1 Rh8 13. Qg4 Nef5 14.
Bxf5 Nxf5 15. Rad1 Bc6 16. Rxd8+ Rxd8 17. Be5 f6 18. Bg3 Bd7 19. Qf3 e5 20. Qd3
Qb4 21. Rb1 Be6 22. Qf3 Rd2 23. a3 Qb6 24. Rd1 Rxd1+ 25. Nxd1 g6 26. Qe2 Nd4
27. Qd3 Bf5 28. Qc4 Qd6 29. Ne3 Nxc2 30. Nxf5 Qd1+ 31. Qf1 Qxf1+ 32. Kxf1 gxf5
33. Bh4 Kd7 34. Bxf6 Ke6 35. Bg7 e4 36. h4 Kf7 37. Be5 c5 38. h5 b5 39. Ke2 a5
40. Kd2 Na1 41. Ke3 Nc2+ 42. Kf4 a4 43. Kg5 b4 44. h6 e3 45. fxe3 bxa3 46. bxa3
Ke6 47. Bb2 Nxa3 48. Bxa3 Kf7 49. Bxc5 f4 50. exf4 Ke6 51. f5+ Kf7 52. h7 Kg7
53. h8=Q+ Kxh8 54. Kg6 54... Kg8 {Hossa resigns} 1-0

[Event "ICS rated blitz match"]
[Site "204.178.125.65"]
[Date "1999.10.28"]
[Round "?"]
[White "Hossa"]
[Black "Colorado"]
[Result "0-1"]
[WhiteElo "2414"]
[BlackElo "2670"]
[PlyCount "140"]
[EventDate "1999.??.??"]

1. e4 e5 2. Nf3 Nf6 3. d3 Nc6 4. Be2 d5 5. Nbd2 g6 6. c3 Bg7 7. O-O a5 8. b3
O-O 9. Bb2 Qe7 10. Ng5 dxe4 11. dxe4 Nh5 12. Ngf3 Nf4 13. Bb5 Qf6 14. Qe1 Rd8
15. Qe3 Bh6 16. Kh1 Kg7 17. Qe1 Na7 18. Be2 Nxg2 19. Kxg2 Bxd2 20. Nxd2 Qg5+
21. Kh1 Bh3 22. Rg1 Qxd2 23. Bc1 Qxe1 24. Rxe1 Nc8 25. Rg1 Nd6 26. Bd3 f5 27.
Bg5 Rd7 28. Rae1 Nf7 29. Re3 Nxg5 30. Rxg5 Rad8 31. Be2 Rd2 32. exf5 Kf6 33.
Rg1 Bxf5 34. a3 Ra2 35. a4 Rb2 36. c4 Rdd2 37. Re1 Bc2 38. Rf3+ Kg7 39. Bf1 e4
40. Rf4 Rxb3 41. Ra1 g5 42. Rg4 Kf6 43. Kg1 Rf3 44. Rg2 Rd1 45. Rxd1 Bxd1 46.
h4 gxh4 47. Rg4 e3 48. Rxh4 e2 49. Bxe2 Bxe2 50. Rxh7 Rc3 51. Rxc7 Rxc4 52.
Rxb7 Rxa4 53. Rb8 Rg4+ 54. Kh2 a4 55. Rf8+ Kg5 56. Re8 Bf3 57. Kh3 Bg2+ 58. Kh2
Bc6 59. Re6 Rh4+ 60. Kg3 Rh3+ 61. Kxh3 Bd7 62. Kg3 Bxe6 63. Kf3 Kf5 64. Ke3 a3
65. Kd4 a2 66. Ke3 a1=Q 67. Kf3 Bc4 68. Kg2 Qg7+ 69. Kh2 Bf1 70. f3 70... Qg2#
{Hossa checkmated} 0-1